000 00254nam a2200109Ia 4500
008 190912s9999||||xx |||||||||||||| ||und||
100 _aSir Shaar Siddaqui
245 0 _aBaaz deed
260 _aKarachi
_bFiction House
_c2013
300 _a891
942 _cBK
999 _c7713
_d7713